Imiona nadane dziewczynkom w 2022 roku - Statystyki

Ogólne statystyki
  • Ten quiz został rozwiązany 44 razy
  • Średni wynik to 65 z 100
Statystyki odpowiedzi
Hint Odpowiedź % Poprawnych
A Anna
96%
Z Zuzanna
96%
J Joanna
92%
J Julia
92%
W Wiktoria
92%
Z Zofia
92%
B Barbara
88%
H Hanna
88%
K Katarzyna
88%
L Lena
88%
M Maja
88%
O Olivia
88%
O Oliwia
88%
P Patrycja
88%
P Paulina
88%
A Aleksandra
85%
E Emilia
85%
L Laura
85%
M Magdalena
85%
M Maria
85%
M Michalina
85%
N Natalia
85%
W Weronika
85%
A Amelia
81%
D Daria
81%
E Ewa
81%
H Helena
81%
K Klaudia
81%
M Marta
81%
P Pola
81%
S Sara
81%
A Alicja
77%
I Iga
77%
K Karolina
77%
K Kornelia
77%
M Marianna
77%
N Nina
77%
I Izabela
73%
K Kinga
73%
L Lidia
73%
Ł Łucja
73%
N Nadia
73%
O Olga
73%
A Agata
69%
G Gabriela
69%
L Lilia
69%
L Lilianna
69%
M Małgorzata
69%
M Milena
69%
N Nikola
69%
R Róża
69%
U Urszula
69%
A Alina
65%
A Aniela
65%
B Blanka
65%
D Dominika
65%
I Ida
65%
K Kaja
65%
M Marcelina
65%
A Adrianna
62%
A Antonina
62%
E Eliza
62%
K Kamila
62%
K Klara
62%
M Martyna
62%
A Aurelia
58%
D Dorota
58%
M Malwina
58%
R Rozalia
58%
W Wanda
58%
A Ada
54%
A Anastazja
54%
J Jagoda
54%
N Nel
54%
N Nela
54%
S Stefania
54%
B Bianka
50%
D Diana
50%
E Emma
50%
G Gaja
50%
M Mia
50%
J Jadwiga
46%
L Liwia
46%
L Luiza
46%
K Kalina
42%
L Liliana
42%
M Marika
42%
M Matylda
38%
J Jagna
35%
J Jaśmina
35%
M Melania
35%
A Apolonia
31%
E Elena
31%
R Rita
31%
L Lara
27%
Z Zoja
27%
L Lea
19%
S Sofia
15%
S Sofiia
15%
M Milana
12%
Nie znaleziono quizów pasujących do podanych kryteriów
Rozkład punktacji
Procent ludzi z każdym wynikiem
Percentyl według liczby udzielonych odpowiedzi
Twoja historia wyników
Nie rozwiązałeś tego quizu